Das Schwarze Auge (DSA): Heptarchen - Statistiken

Allgemein
  • Dieses Quiz wurde 10 mal gespielt
  • Das Durchschnittsergebnis liegt bei 5 aus 7
Antwortstatistiken
Hint Antwort % Korrekt
Träger des Belhalhar-Splitters Fürstkomtur von Maraskan Helme Haffax
78%
Träger des Agrimoth-Splitters Dämonenkaiser von Transysilien Gaius Cordovan Eslam Galotta
67%
Trägerin des Nagrach-Splitters Königin Glorana
67%
Trägerin des Belkelel-Splitters Moghuli von Oron Dimiona von Zorgan
67%
Träger des Charyptoroth-Splitters Portifex Maximus Xeraan
67%
Träger des Thargunitoth-Splitters Verweser von Warunk Rhazzazor
67%
Trägerin des Asfaloth-Splitters Die Skrechu
56%
Keine übereinstimmenden Quizze gefunden
Verteilung der Resultate
Anzahl Personen mit jedem Resultat
Perzentil nach korrekt beantworteten Fragen
Ihre Resultats-Entwicklung
Sie haben dieses Quiz noch nicht gespielt